| 000 | 01211cam a2200253 4500 | ||
|---|---|---|---|
| 001 | WB4011-05 | ||
| 008 | 040317n2004 000 0 eng u | ||
| 035 | _a(Sirsi) u125443 | ||
| 245 | _aSolid property returns continue | ||
| 260 | _c2004 | ||
| 490 |
_aIPD Press Release _v16 March 2004 (2) |
||
| 520 | _aThe "IPD UK monthly index" for 12 months to February 2004 shows property continuing its solid 2004 start in February with all property returns at 1.0%, up on 0.8% in January, and increasing marginally to 11.9% pa, their highest level in three years. Offices had a strong month reaching 0.8% in February, a return not seen in this sector since March 2001. Despite the modest improvement, property returns in February were inferior to those in gilts and equities. http://www.ipdindex.co.uk/results/indices/uk_month ly/index_uk_monthly.asp | ||
| 590 | _aWB | ||
| 590 | _aWB | ||
| 650 | _aEQUITIES | ||
| 650 | _aALL-PROPERTY RETURN RATE | ||
| 650 | _aPROPERTY RETURNS | ||
| 650 | _aGILTS | ||
| 650 | _aPROPERTY-COMMERCIAL PROPERTY-RETAIL PROPERTY-RETAIL PROPERTY MARKET | ||
| 650 | _aOFFICE MARKET | ||
| 650 | _aINDUSTRIAL MARKET | ||
| 690 | _aCOMMERCIAL PROPERTY-INVESTMENT | ||
| 942 | _n0 | ||
| 999 |
_c117112 _d117112 |
||